| 000 | 00856nam a2200289 a 4500 | ||
|---|---|---|---|
| 001 | 000044489 | ||
| 003 | DO-SdBNP | ||
| 005 | 20240520094215.0 | ||
| 007 | 000044489 | ||
| 008 | 140703s2003 dr a 000 0 spa d | ||
| 020 | _a9993461865 | ||
| 040 |
_aBPMSU _bspa _cBPMSU |
||
| 082 |
_aRD863.44 _bP573l 2003 _222 |
||
| 092 |
_axxxx _bxxxx |
||
| 100 | 1 | _aPhipps, Miguel | |
| 245 | 1 | 3 |
_aLa lechuza hambrienta y el astro sol / _cMiguel Phipps ; diseño e ilustraciones Ohanda Coste. |
| 260 |
_aSanto Domingo : _bEditora Búho, _c2003. |
||
| 300 |
_a20 p. : _bil., ; _c28 cm. |
||
| 490 | 0 |
_aInfantil Phipps, _v1 |
|
| 590 | _aInventariado, 2024/VM | ||
| 650 | 4 | _aCuentos infantiles dominicanos | |
| 650 | 4 | _aLibros infantiles ilustrados | |
| 700 | 1 |
_aCoste, Ohanda _eil. |
|
| 910 | _aVMateo V. Control de calidad. BPMSU | ||
| 942 |
_2ddc _cBK |
||
| 956 | _a | ||
| 999 |
_c7441 _d7441 |
||